00730nam a2200229 a 4500001001300000003000900013005001700022008004100039020001000080082001700090100002300107245008100130260006000211300000900271500003500280505001100315650002400326902000800350942000700358952011800365999001700483nice12345678IN_TiNIC20260116013402.0050524s1985 chia grp 000 0 eng  ac10000a230.046bAMJ aAmjad Ali, Charles aLiberation and Ethicsb Essays in Religious Social Ethics in Honor of Gibson aChicagobCentre Forthe Scientific Study of Religic1985 a233p aincludes index and biblioraphy2 aJindex aLiberation-Theology bSRS cBK 001040708StackRoom-aHMIbHMId2007-06-13g100.00l0o230.046 AMJp015136r2007-06-13v100.00w2005-05-24yBK c10798d10798